Normal view
MARC view
Entry Personal Name
001 - CONTROL NUMBER
- control field: 62947
003 - CONTROL NUMBER IDENTIFIER
- control field: dpl
005 - DATE AND TIME OF LATEST TRANSACTION
- control field: 20240307152804.0
008 - FIXED-LENGTH DATA ELEMENTS
- fixed length control field: 240307|| aca||aabn | a|a d
040 ## - CATALOGING SOURCE
- Original cataloging agency: dpl
- Transcribing agency: dpl
100 ## - HEADING--PERSONAL NAME
- Personal name: Scintillates,Suraa
670 ## - SOURCE DATA FOUND
- Source citation: Work cat.: (dpl)171891: Scintillates,Suraa, That 'S it But /, 2003
